Joueur du Grenier - Tout les épisodes de Papy Grenier - Statistiques

Statistiques générales
  • Ce quiz a été pris 103 fois
  • Le résultat moyen est 10 sur 18
Statistiques - réponses
Hint Réponse % Correct
13/09/2012 Pokemon Rouge
82%
17/04/2021 Cyberpunk 2077
72%
29/10/2012 Sim City
69%
15/04/2013 Zelda
68%
22/04/2015 RollerCoaster Tycoon
63%
11/02/2014 Final Fantasy VII
62%
17/11/2019 GTA San Andreas
62%
24/02/2013 Goldeneye 64
61%
14/07/2013 Resident Evil
61%
26/02/2015 Mass Effect
59%
03/07/2022 Hitman
54%
12/11/2017 Metal Gear Solid
53%
24/09/2023 Hogwarts Legacy
52%
13/10/2016 Skyrim
52%
30/09/2015 Fallout 3
48%
28/06/2018 World of Warcraft
46%
20/05/2017 Half Life
39%
18/11/2021 Street of Rage
36%
Aucun quiz correspondant
Distribution des résultats
% des personnes avec chaque résultat
Percentile par nombre de réponses
Votre historique - résultats
Vous n’avez pas pris ce quiz